[Event "GAMMA Reykjavik Open 2019"]
[Site "Reykjavik"]
[Date "2019.04.09"]
[Round "2.23"]
[White "Salomon, Johan"]
[Black "Jonsson, Gauti Pall"]
[Result "1-0"]
[WhiteElo "2495"]
[BlackElo "2027"]
[Annotator "ChessBase"]
[PlyCount "87"]
[EventDate "2019.04.04"]
[EventType "swiss"]
[EventCountry "ISL"]
[SourceTitle "playchess.com"]
[Source "ChessBase"]
[SourceQuality "1"]
[TimeControl "40/5400+30:1800+30"]

1. d4 {[%emt 0:00:00]} Nf6 {[%emt 0:00:29]} 2. c4 {[%emt 0:00:00]} e6 {[%emt 0:00:27]} 3. Nf3 {[%emt 0:00:00]} Bb4+ {[%emt 0:00:41]} 4. Nbd2 {[%emt 0:00:00]} d6 {[%emt 0:00:51]} 5. e3 {[%emt 0:00:00]} Nbd7 {[%emt 0:01:08]} 6. Be2 {[%emt 0:00:28]} b6 {[%emt 0:05:00]} 7. O-O {[%emt 0:00:59]} Bxd2 {[%emt 0:00:40]} 8. Nxd2 {[%emt 0:00:57]} Bb7 {[%emt 0:00:33]} 9. Nb1 {[%emt 0:09:07]} e5 {[%emt 0:01:20]} 10. f3 {[%emt 0:07:15]} exd4 {[%emt 0:07:45]} 11. Qxd4 {[%emt 0:01:03]} d5 {[%emt 0:01:35]} 12. cxd5 {[%emt 0:00:38]} Bxd5 {[%emt 0:00:32]} 13. e4 {[%emt 0:00:37]} c5 {[%emt 0:03:50]} 14. Qa4 {[%emt 0:20:05]} Bb7 {[%emt 0:06:13]} 15. Bf4 {[%emt 0:11:46]} O-O {[%emt 0:09:21]} 16. Rd1 {[%emt 0:00:54]} a6 {[%emt 0:04:43]} 17. Qb3 {[%emt 0:00:06]} Qc8 {[%emt 0:09:55]} 18. Bd6 {[%emt 0:02:11]} b5 {[%emt 0:11:56]} 19. Bxf8 {[%emt 0:00:12]} Nxf8 {[%emt 0:00:07]} 20. a4 {[%emt 0:01:54]} Ne6 {[%emt 0:03:37]} 21. Qe3 {[%emt 0:11:40]} Nd4 {[%emt 0:01:21]} 22. Na3 {[%emt 0:00:40]} Qe6 {[%emt 0:03:32]} 23. axb5 {[%emt 0:06:17]} Nd5 {[%emt 0:00:51]} 24. Qf2 {[%emt 0:01:08]} Nf4 {[%emt 0:04:35]} 25. Bf1 {[%emt 0:00:24]} Qg6 {[%emt 0:08:54]} 26. Kh1 {[%emt 0:01:12]} h5 {[%emt 0:02:15]} 27. bxa6 {[%emt 0:00:47]} Rxa6 {[%emt 0:03:25]} 28. Bxa6 {[%emt 0:03:49]} Bxa6 {[%emt 0:00:06]} 29. Nc2 {[%emt 0:01:04]} Nxc2 {[%emt 0:03:49]} 30. Rxa6 {[%emt 0:01:09]} Qxa6 {[%emt 0:01:20]} 31. Qxc2 {[%emt 0:00:07]} h4 {[%emt 0:00:44]} 32. e5 {[%emt 0:02:21]} g6 {[%emt 0:02:18]} 33. Qe4 {[%emt 0:00:23]} g5 {[%emt 0:01:55]} 34. Qf5 {[%emt 0:00:46]} Ne6 {[%emt 0:00:14]} 35. Qd3 {[%emt 0:02:10]} Qa2 {[%emt 0:00:18]} 36. Qb5 {[%emt 0:02:41]} Kg7 {[%emt 0:00:26]} 37. h3 {[%emt 0:00:39]} Qa8 {[%emt 0:00:54]} 38. Qc4 {[%emt 0:01:07]} Qa5 {[%emt 0:00:04]} 39. Kh2 {[%emt 0:01:01]} Nd4 {[%emt 0:01:10]} 40. b4 {[%emt 0:00:00]} Qa4 {[%emt 0:00:00]} 41. Qc1 {[%emt 0:14:56]} Kg6 {[%emt 0:03:41]} 42. bxc5 {[%emt 0:00:49]} Nc6 {[%emt 0:02:18]} 43. Rd6+ {[%emt 0:00:51]} Kh5 {[%emt 0:00:33]} 44. Qb1 {[%emt 0:01:52]} 1-0

[Event "GAMMA Reykjavik Open 2019"]
[Site "Reykjavik"]
[Date "2019.04.09"]
[Round "2.24"]
[White "Nilssen, Ellen Fredericia"]
[Black "Libiszewski, Fabien"]
[Result "0-1"]
[WhiteElo "2048"]
[BlackElo "2488"]
[Annotator "ChessBase"]
[PlyCount "52"]
[EventDate "2019.04.04"]
[EventType "swiss"]
[EventCountry "ISL"]
[SourceTitle "playchess.com"]
[Source "ChessBase"]
[SourceQuality "1"]
[TimeControl "40/5400+30:1800+30"]

1. d4 {[%emt 0:00:00]} Nf6 {[%emt 0:00:31]} 2. c4 {[%emt 0:00:00]} g6 {[%emt 0:00:37]} 3. Nc3 {[%emt 0:00:04]} Bg7 {[%emt 0:00:04]} 4. e4 {[%emt 0:00:07]} d6 {[%emt 0:00:11]} 5. Be2 {[%emt 0:00:06]} O-O {[%emt 0:00:26]} 6. Bg5 {[%emt 0:00:11]} Na6 {[%emt 0:00:15]} 7. Qd2 {[%emt 0:00:08]} e5 {[%emt 0:00:33]} 8. d5 {[%emt 0:01:41]} Qe8 {[%emt 0:00:57]} 9. Bd1 {[%emt 0:00:08]} Nh5 {[%emt 0:00:56]} 10. Bxh5 {[%emt 0:12:53]} gxh5 {[%emt 0:01:14]} 11. Nge2 {[%emt 0:01:26]} f6 {[%emt 0:00:25]} 12. Bh6 {[%emt 0:08:18]} Bxh6 {[%emt 0:00:21]} 13. Qxh6 {[%emt 0:00:03]} Qg6 {[%emt 0:00:05]} 14. Qxg6+ {[%emt 0:01:19]} hxg6 {[%emt 0:00:05]} 15. h4 {[%emt 0:01:01]} f5 {[%emt 0:13:12]} 16. f3 {[%emt 0:10:29]} Nc5 {[%emt 0:04:38]} 17. O-O {[%emt 0:06:03]} a5 {[%emt 0:04:04]} 18. b3 {[%emt 0:02:01]} Bd7 {[%emt 0:02:38]} 19. exf5 {[%emt 0:05:16]} gxf5 {[%emt 0:05:12]} 20. Ng3 {[%emt 0:00:55]} Kf7 {[%emt 0:08:20]} 21. Rad1 {[%emt 0:09:48]} Rg8 {[%emt 0:06:56]} 22. Nxh5 {[%emt 0:05:45]} Rg6 {[%emt 0:03:22]} 23. Kf2 {[%emt 0:02:11]} Rh8 {[%emt 0:00:53]} 24. Ng3 {[%emt 0:02:53]} Rhg8 {[%emt 0:01:10]} 25. Nge2 {[%emt 0:01:00]} Rxg2+ {[%emt 0:00:09]} 26. Ke3 {[%emt 0:00:19]} R8g3 {[%emt 0:11:34] Kd4 [%emt 00:06:47]} 0-1

[Event "GAMMA Reykjavik Open 2019"]
[Site "Reykjavik"]
[Date "2019.04.09"]
[Round "2.25"]
[White "Hambleton, Aman"]
[Black "Kakulidis, Ellen"]
[Result "1-0"]
[WhiteElo "2484"]
[BlackElo "2022"]
[Annotator "TA"]
[PlyCount "35"]
[EventDate "2019.04.04"]
[EventType "swiss"]
[EventCountry "ISL"]
[SourceTitle "playchess.com"]
[Source "ChessBase"]
[SourceQuality "1"]

{[%evp 18,35,49,46,36,47,53,25,38,13,50,45,85,96,88,90,110,102,422,422]} 1. d4 d5 2. c4 e6 3. Nc3 Be7 4. cxd5 exd5 5. Bf4 c6 6. e3 Bd6 7. Bxd6 Qxd6 8. Bd3 Ne7 {D31: Queen's Gambit Declined: Semi-Slav without ...Nf6 (+ Marshall Gambit and Noteboom) and Exchange Variation lines without ...Nf6} 9. Qc2 g6 (9... b6 10. Nf3 Ba6 11. O-O Bxd3 12. Qxd3 O-O 13. e4 Nd7 14. Rfe1 Rfe8 {0-1 (27) Nakamura,H (2780)-Topalov,V (2749) Saint Louis 2017}) 10. f3 {LiveBook: 13 Games} O-O {White is slightly better.} 11. Nge2 b6 12. O-O Ba6 13. e4 Bxd3 14. Qxd3 c5 15. exd5 Nxd5 16. Ne4 $146 Qc6 17. dxc5 {And now Qxd5! would win.} bxc5 $2 {[%mdl 8192] [#]} (17... f5 $16 {is a better chance.}) 18. Qxd5 $1 {[%mdl 512]} 1-0

[Event "GAMMA Reykjavik Open 2019"]
[Site "Reykjavik"]
[Date "2019.04.09"]
[Round "2.26"]
[White "Petursson, Gudni"]
[Black "Prithu Gupta"]
[Result "0-1"]
[WhiteElo "2020"]
[BlackElo "2478"]
[Annotator "ChessBase"]
[PlyCount "88"]
[EventDate "2019.04.04"]
[EventType "swiss"]
[EventCountry "ISL"]
[SourceTitle "playchess.com"]
[Source "ChessBase"]
[SourceQuality "1"]
[TimeControl "40/5400+30:1800+30"]

1. c4 {[%emt 0:00:00]} e5 {[%emt 0:00:28]} 2. Nc3 {[%emt 0:00:39]} Bb4 {[%emt 0:00:09]} 3. Qc2 {[%emt 0:01:46]} Nf6 {[%emt 0:01:49]} 4. e3 {[%emt 0:01:59]} O-O {[%emt 0:01:06]} 5. Nf3 {[%emt 0:02:38]} Qe7 {[%emt 0:02:49]} 6. a3 {[%emt 0:00:55]} Bxc3 {[%emt 0:00:13]} 7. Qxc3 {[%emt 0:00:07]} e4 {[%emt 0:04:40]} 8. Nd4 {[%emt 0:00:50]} d5 {[%emt 0:03:47]} 9. b4 {[%emt 0:01:48]} Nbd7 {[%emt 0:02:28]} 10. Bb2 {[%emt 0:01:17]} Nb6 {[%emt 0:02:06]} 11. c5 {[%emt 0:07:10]} Na4 {[%emt 0:00:06]} 12. Qc2 {[%emt 0:00:09]} Nxb2 {[%emt 0:00:07]} 13. Qxb2 {[%emt 0:00:04]} c6 {[%emt 0:03:26]} 14. Be2 {[%emt 0:01:13]} Bg4 {[%emt 0:00:07]} 15. f3 {[%emt 0:05:09]} exf3 {[%emt 0:03:29]} 16. gxf3 {[%emt 0:00:39]} Bd7 {[%emt 0:04:16]} 17. O-O {[%emt 0:06:26]} a5 {[%emt 0:08:08]} 18. Qc3 {[%emt 0:03:14]} Bh3 {[%emt 0:04:17]} 19. Rf2 {[%emt 0:00:56]} Nh5 {[%emt 0:01:06]} 20. f4 {[%emt 0:00:27]} Nf6 {[%emt 0:00:56]} 21. Bf3 {[%emt 0:00:27]} axb4 {[%emt 0:02:38]} 22. axb4 {[%emt 0:00:08]} Ne4 {[%emt 0:00:29]} 23. Bxe4 {[%emt 0:00:20]} dxe4 {[%emt 0:06:31]} 24. Ne2 {[%emt 0:03:45]} Qd7 {[%emt 0:05:05]} 25. Ng3 {[%emt 0:00:42]} f5 {[%emt 0:03:41]} 26. Qc4+ {[%emt 0:06:08]} Qf7 {[%emt 0:01:54]} 27. Qxf7+ {[%emt 0:00:31]} Kxf7 {[%emt 0:00:02]} 28. Rb1 {[%emt 0:00:56]} Rfd8 {[%emt 0:01:19]} 29. d4 {[%emt 0:00:07]} exd3 {[%emt 0:00:59]} 30. Rd2 {[%emt 0:00:06]} Ra3 {[%emt 0:08:14]} 31. Kf2 {[%emt 0:00:21]} Rc3 {[%emt 0:01:16]} 32. Rbb2 {[%emt 0:00:44]} Ke7 {[%emt 0:04:59]} 33. e4 {[%emt 0:01:04]} Rc4 {[%emt 0:10:27]} 34. Ke3 {[%emt 0:00:30]} fxe4 {[%emt 0:00:33]} 35. Nxe4 {[%emt 0:00:08]} Bf5 {[%emt 0:00:04]} 36. Nd6 {[%emt 0:00:17]} Rxd6 {[%emt 0:00:07]} 37. cxd6+ {[%emt 0:00:08]} Kxd6 {[%emt 0:00:01]} 38. Rg2 {[%emt 0:01:56]} g6 {[%emt 0:00:00]} 39. h4 {[%emt 0:00:00]} h5 {[%emt 0:00:00]} 40. Rg1 {[%emt 0:00:00]} Re4+ {[%emt 0:00:00]} 41. Kf3 {[%emt 0:01:14]} Kd5 {[%emt 0:02:16]} 42. Rd2 {[%emt 0:00:19]} Kd4 {[%emt 0:00:29]} 43. Rc1 {[%emt 0:00:58]} Bg4+ {[%emt 0:00:57]} 44. Kg3 {[%emt 0:00:25]} Re2 {[%emt 0:01:05]} 0-1

[Event "GAMMA Reykjavik Open 2019"]
[Site "Reykjavik"]
[Date "2019.04.09"]
[Round "2.27"]
[White "Gupta, Abhijeet"]
[Black "Kristjansson, Atli Freyr"]
[Result "1-0"]
[WhiteElo "2602"]
[BlackElo "2198"]
[Annotator "ChessBase"]
[PlyCount "53"]
[EventDate "2019.04.04"]
[EventType "swiss"]
[EventCountry "ISL"]
[SourceTitle "playchess.com"]
[Source "ChessBase"]
[SourceQuality "1"]
[TimeControl "40/5400+30:1800+30"]

1. d4 {[%emt 0:00:00]} d5 {[%emt 0:00:00]} 2. c4 {[%emt 0:00:20]} e6 {[%emt 0:00:00]} 3. Nc3 {[%emt 0:00:04]} c6 {[%emt 0:00:00]} 4. Nf3 {[%emt 0:00:19]} Nf6 {[%emt 0:00:14]} 5. g3 {[%emt 0:00:31]} Nbd7 {[%emt 0:02:29]} 6. Bg2 {[%emt 0:00:06]} dxc4 {[%emt 0:00:11]} 7. O-O {[%emt 0:00:06]} Be7 {[%emt 0:00:19]} 8. e4 {[%emt 0:01:53]} e5 {[%emt 0:06:00]} 9. d5 {[%emt 0:12:30]} Qc7 {[%emt 0:01:18]} 10. a4 {[%emt 0:06:58]} O-O {[%emt 0:08:27]} 11. Qe2 {[%emt 0:02:14]} cxd5 {[%emt 0:15:05]} 12. exd5 {[%emt 0:00:00]} a6 {[%emt 0:01:13]} 13. Bg5 {[%emt 0:08:51]} h6 {[%emt 0:00:46]} 14. Bxf6 {[%emt 0:00:24]} Bxf6 {[%emt 0:00:31]} 15. Nd2 {[%emt 0:00:35]} Rb8 {[%emt 0:02:08]} 16. Nxc4 {[%emt 0:03:10]} Nb6 {[%emt 0:03:39]} 17. Ne3 {[%emt 0:01:06]} Nd7 {[%emt 0:04:36]} 18. Rfd1 {[%emt 0:02:06]} b5 {[%emt 0:03:45]} 19. axb5 {[%emt 0:00:38]} axb5 {[%emt 0:00:06]} 20. d6 {[%emt 0:00:11]} Qb6 {[%emt 0:01:20]} 21. Nf5 {[%emt 0:07:07]} Bb7 {[%emt 0:00:31]} 22. Nxh6+ {[%emt 0:01:31]} gxh6 {[%emt 0:01:22]} 23. Qg4+ {[%emt 0:00:05]} Bg7 {[%emt 0:01:04]} 24. Qxd7 {[%emt 0:00:07]} Rfd8 {[%emt 0:05:18]} 25. Qc7 {[%emt 0:00:27]} Bxg2 {[%emt 0:00:26]} 26. Kxg2 {[%emt 0:00:04]} Rb7 {[%emt 0:00:15]} 27. Nd5 {[%emt 0:01:33]} 1-0

[Event "GAMMA Reykjavik Open 2019"]
[Site "Reykjavik"]
[Date "2019.04.09"]
[Round "2.28"]
[White "Potkin, Vladimir"]
[Black "Ghazarian, Kirk"]
[Result "1-0"]
[WhiteElo "2597"]
[BlackElo "2209"]
[Annotator "ChessBase"]
[PlyCount "59"]
[EventDate "2019.04.04"]
[EventType "swiss"]
[EventCountry "ISL"]
[SourceTitle "playchess.com"]
[Source "ChessBase"]
[SourceQuality "1"]
[TimeControl "40/5400+30:1800+30"]

1. c4 {[%emt 0:00:00]} c5 {[%emt 0:00:21]} 2. Nf3 {[%emt 0:00:00]} g6 {[%emt 0:01:54]} 3. d4 {[%emt 0:00:13]} cxd4 {[%emt 0:00:41]} 4. Nxd4 {[%emt 0:00:06]} Nc6 {[%emt 0:00:34]} 5. e4 {[%emt 0:00:34]} Nf6 {[%emt 0:00:08]} 6. Nc3 {[%emt 0:00:08]} d6 {[%emt 0:00:12]} 7. Be2 {[%emt 0:00:49]} Nxd4 {[%emt 0:00:09]} 8. Qxd4 {[%emt 0:00:06]} Bg7 {[%emt 0:00:06]} 9. Be3 {[%emt 0:01:09]} O-O {[%emt 0:01:23]} 10. Qd2 {[%emt 0:00:06]} a5 {[%emt 0:00:14]} 11. f3 {[%emt 0:01:10]} a4 {[%emt 0:02:08]} 12. Rc1 {[%emt 0:00:36]} Qa5 {[%emt 0:04:39]} 13. Kf2 {[%emt 0:00:58]} Be6 {[%emt 0:04:41]} 14. Nd5 {[%emt 0:00:53]} Bxd5 {[%emt 0:07:12]} 15. Qxa5 {[%emt 0:01:29]} Rxa5 {[%emt 0:00:16]} 16. cxd5 {[%emt 0:00:10]} Ne8 {[%emt 0:07:52]} 17. Rc8 {[%emt 0:29:56]} b5 {[%emt 0:20:21]} 18. Rhc1 {[%emt 0:05:38]} f5 {[%emt 0:19:58]} 19. exf5 {[%emt 0:03:22]} gxf5 {[%emt 0:00:10]} 20. Bd2 {[%emt 0:06:39]} Ra7 {[%emt 0:02:55]} 21. Bxb5 {[%emt 0:02:41]} Nf6 {[%emt 0:00:36]} 22. Bd3 {[%emt 0:04:10]} Rxc8 {[%emt 0:03:04]} 23. Rxc8+ {[%emt 0:00:05]} Kf7 {[%emt 0:00:04]} 24. Bxf5 {[%emt 0:01:24]} Nxd5 {[%emt 0:00:17]} 25. Bxh7 {[%emt 0:00:35]} Bd4+ {[%emt 0:00:10]} 26. Ke2 {[%emt 0:00:26]} Nf6 {[%emt 0:00:15]} 27. Bc2 {[%emt 0:00:31]} Bxb2 {[%emt 0:00:32]} 28. g4 {[%emt 0:00:53]} Nd5 {[%emt 0:00:57]} 29. h4 {[%emt 0:03:10]} Be5 {[%emt 0:00:10]} 30. Rc4 {[%emt 0:02:26]} 1-0

[Event "GAMMA Reykjavik Open 2019"]
[Site "Reykjavik"]
[Date "2019.04.09"]
[Round "2.29"]
[White "Loiseau, Quentin"]
[Black "Kristjansson, Olafur"]
[Result "1-0"]
[WhiteElo "2461"]
[BlackElo "2078"]
[Annotator "ChessBase"]
[PlyCount "55"]
[EventDate "2019.04.04"]
[EventType "swiss"]
[EventCountry "ISL"]
[SourceTitle "playchess.com"]
[Source "ChessBase"]
[SourceQuality "1"]
[TimeControl "40/5400+30:1800+30"]

1. d4 {[%emt 0:01:45]} Nf6 {[%emt 0:00:00]} 2. c4 {[%emt 0:00:10]} e6 {[%emt 0:00:03]} 3. Nf3 {[%emt 0:00:34]} d5 {[%emt 0:01:39]} 4. g3 {[%emt 0:00:50]} dxc4 {[%emt 0:01:13]} 5. Bg2 {[%emt 0:00:20]} a6 {[%emt 0:01:35]} 6. O-O {[%emt 0:00:17]} Be7 {[%emt 0:00:43]} 7. Ne5 {[%emt 0:04:36]} O-O {[%emt 0:02:22]} 8. Nxc4 {[%emt 0:00:39]} Nc6 {[%emt 0:09:02]} 9. e3 {[%emt 0:01:09]} Bd7 {[%emt 0:00:32]} 10. Nc3 {[%emt 0:01:04]} Rb8 {[%emt 0:00:11]} 11. Ne5 {[%emt 0:06:20]} Be8 {[%emt 0:10:52]} 12. Nxc6 {[%emt 0:04:53]} Bxc6 {[%emt 0:00:08]} 13. Bxc6 {[%emt 0:01:42]} bxc6 {[%emt 0:00:08]} 14. Qe2 {[%emt 0:00:29]} Rb6 {[%emt 0:01:14]} 15. b3 {[%emt 0:09:40]} Bb4 {[%emt 0:15:29]} 16. Na4 {[%emt 0:02:34]} Rb5 {[%emt 0:04:14]} 17. Bb2 {[%emt 0:01:20]} Qd5 {[%emt 0:10:03]} 18. Rac1 {[%emt 0:04:50]} Rd8 {[%emt 0:00:35]} 19. Rc2 {[%emt 0:15:38]} Qe4 {[%emt 0:11:51]} 20. f3 {[%emt 0:01:21]} Qg6 {[%emt 0:00:13]} 21. Rxc6 {[%emt 0:02:01]} Rg5 {[%emt 0:02:37]} 22. Qc2 {[%emt 0:02:48]} Qh6 {[%emt 0:03:29]} 23. e4 {[%emt 0:02:56]} Nh5 {[%emt 0:02:34]} 24. Bc1 {[%emt 0:06:16]} Rxd4 {[%emt 0:04:43]} 25. Rxc7 {[%emt 0:02:38]} f6 {[%emt 0:08:54]} 26. Rc8+ {[%emt 0:02:01]} Kf7 {[%emt 0:00:18]} 27. Qc6 {[%emt 0:00:16]} f5 {[%emt 0:00:35]} 28. e5 {[%emt 0:07:04]} 1-0

[Event "GAMMA Reykjavik Open 2019"]
[Site "Reykjavik"]
[Date "2019.04.09"]
[Round "2.30"]
[White "Tomazini, Zan"]
[Black "Georghiou, Paul T"]
[Result "1-0"]
[WhiteElo "2390"]
[BlackElo "2241"]
[Annotator "NA"]
[PlyCount "81"]
[EventDate "2019.04.04"]
[EventType "swiss"]
[EventCountry "ISL"]
[SourceTitle "playchess.com"]
[Source "ChessBase"]
[SourceQuality "1"]
[TimeControl "40/5400+30:1800+30"]

1. e4 {[%emt 0:02:11]} e6 {[%emt 0:00:03]} 2. d4 {[%emt 0:00:15]} d5 {[%emt 0:00:06]} 3. e5 {[%emt 0:00:15]} c5 {[%emt 0:00:13]} 4. c3 {[%emt 0:00:04]} Nc6 {[%emt 0:00:19]} 5. Nf3 {[%emt 0:00:04]} Bd7 {[%emt 0:00:29]} 6. a3 {[%emt 0:02:34]} cxd4 {[%emt 0:00:05]} 7. cxd4 {[%emt 0:00:06]} Na5 {[%emt 0:00:11] C02: French: Advance Variation} (7... Nge7 8. Nc3 a6 9. Bd3 Rc8 10. O-O Ng6 11. Be3 Be7 12. Rc1 {½-½ (12) Borges Matos,J (2436)-Garcia Carey,O (2353) Santa Clara 2018}) 8. Bd3 {[%emt 0:16:09]} Ne7 {[%emt 0:02:37]} 9. O-O {[%emt 0:00:30]} Rc8 {[%emt 0:04:54]} 10. Nc3 {[%emt 0:09:09]} a6 {[%emt 0:05:36]} 11. Ne2 $146 {[%emt 0:07:40]} ({Predecessor:} 11. Bd2 Nc4 12. Bxc4 Rxc4 13. Rc1 Nc6 14. b4 Be7 {½-½ (14) Bridges,P (1821)-Lawrence,D (1678) Fishguard 2016}) 11... Qb6 {[%emt 0:00:58]} 12. b4 {[%emt 0:01:23]} Nc4 {[%emt 0:00:19]} 13. Ng3 {[%emt 0:01:24]} a5 {[%emt 0:04:51]} 14. Rb1 {[%emt 0:01:15]} a4 {[%emt 0:02:17]} 15. Nh5 {[%emt 0:01:41]} Nf5 {[%emt 0:03:52]} 16. Bxf5 {[%emt 0:00:52]} exf5 {[%emt 0:02:58]} 17. Nf4 {[%emt 0:00:07]} Be6 {[%emt 0:00:40]} 18. Qxa4+ {[%emt 0:00:18]} Qc6 {[%emt 0:02:50]} 19. b5 {[%emt 0:02:55]} Qb6 {[%emt 0:00:43]} 20. Qb3 {[%emt 0:03:00]} Be7 {[%emt 0:04:13]} 21. Rd1 {[%emt 0:02:09]} O-O {[%emt 0:00:56]} 22. Nh5 {[%emt 0:03:31]} f6 {[%emt 0:03:03]} (22... h6 $14) 23. exf6 {[%emt 0:00:44]} Bxf6 {[%emt 0:03:06]} 24. Nxf6+ {[%emt 0:00:27]} Rxf6 {[%emt 0:00:02]} 25. Bf4 {[%emt 0:00:33]} h6 {[%emt 0:01:12]} 26. Be5 {[%emt 0:00:51]} Rff8 {[%emt 0:00:17]} 27. Qb4 {[%emt 0:06:24]} Kf7 {[%emt 0:01:56]} (27... f4 $14) 28. Re1 {[%emt 0:02:41]} Ra8 {[%emt 0:02:49]} 29. a4 {[%emt 0:00:17]} Rfc8 {[%emt 0:01:09]} 30. Ra1 {[%emt 0:00:58]} Ra5 {[%emt 0:00:17]} (30... Re8 $16 31. Bf4 Qd8) 31. h4 {[%emt 0:01:05]} Rca8 {[%emt 0:00:54]} 32. h5 {[%emt 0:01:07]} Re8 $18 {[%emt 0:10:27]} 33. Nd2 {[%emt 0:02:36]} Nxd2 {[%emt 0:01:57]} 34. Qxd2 {[%emt 0:00:05]} Bd7 {[%emt 0:05:28]} 35. Ra3 {[%emt 0:06:52]} Raa8 {[%emt 0:00:34]} 36. Rg3 {[%emt 0:02:12]} Rg8 {[%emt 0:01:32]} 37. Bxg7 {[%emt 0:01:32]} Rxg7 {[%emt 0:01:13]} 38. Rxg7+ {[%emt 0:00:06]} Kxg7 {[%emt 0:00:48]} 39. Re7+ {[%emt 0:00:14]} Kf8 {[%emt 0:01:09]} 40. Rxd7 {[%emt 0:00:00]} Rxa4 {[%emt 0:00:00]} 41. Qc2 {[%emt 0:01:48]} 1-0

[Event "GAMMA Reykjavik Open 2019"]
[Site "Reykjavik"]
[Date "2019.04.09"]
[Round "2.31"]
[White "Sowray, Peter J"]
[Black "Bentel, Robin"]
[Result "0-1"]
[WhiteElo "2356"]
[BlackElo "2130"]
[Annotator "NA"]
[PlyCount "86"]
[EventDate "2019.04.04"]
[EventType "swiss"]
[EventCountry "ISL"]
[SourceTitle "playchess.com"]
[Source "ChessBase"]
[SourceQuality "1"]
[TimeControl "40/5400+30:1800+30"]

1. d4 {[%emt 0:00:00]} Nf6 {[%emt 0:00:00]} 2. c4 {[%emt 0:00:00]} g6 {[%emt 0:00:08]} 3. Nc3 {[%emt 0:00:00]} Bg7 {[%emt 0:00:15]} 4. e4 {[%emt 0:00:09]} d6 {[%emt 0:00:16]} 5. f3 {[%emt 0:00:07]} O-O {[%emt 0:00:12]} 6. Be3 {[%emt 0:00:06]} c5 {[%emt 0:01:04]} 7. Nge2 {[%emt 0:00:16]} Nc6 {[%emt 0:00:16]} 8. d5 {[%emt 0:00:14]} Na5 {[%emt 0:02:19]} 9. Ng3 {[%emt 0:01:41]} a6 {[%emt 0:05:13]} 10. Rc1 {[%emt 0:01:29] E83: King's Indian: Sämisch Panno (6...Nc6): Lines without either Nge2 or Qd2} e6 {[%emt 0:01:21]} 11. Be2 {[%emt 0:05:36]} exd5 {[%emt 0:01:26]} 12. cxd5 {[%emt 0:01:14]} b5 {[%emt 0:02:30]} 13. b3 {[%emt 0:01:01]} Re8 {[%emt 0:17:22]} 14. Qd2 {[%emt 0:04:12] [#]} Nd7 $146 {[%emt 0:05:11]} ({Predecessor:} 14... Bd7 15. O-O b4 {1-0 (47) Baldauf,M (2483)-Van Wely,L (2663) Germany 2017}) 15. Nd1 {[%emt 0:08:04]} Ne5 {[%emt 0:06:26]} 16. O-O {[%emt 0:05:33]} h5 {[%emt 0:19:23]} 17. f4 {[%emt 0:10:23]} Ng4 {[%emt 0:01:50]} 18. Bxg4 {[%emt 0:00:09]} Bxg4 {[%emt 0:01:05]} 19. e5 {[%emt 0:04:38]} (19. Nf2 $16) 19... dxe5 {[%emt 0:09:55]} 20. f5 {[%emt 0:01:22]} c4 $1 {[%emt 0:04:29]} 21. b4 {[%emt 0:06:55]} Nb7 {[%emt 0:02:42]} 22. fxg6 {[%emt 0:09:14]} fxg6 {[%emt 0:00:20]} 23. Qc2 {[%emt 0:00:15]} e4 {[%emt 0:06:25]} 24. Nc3 {[%emt 0:05:55]} Nd6 {[%emt 0:00:42]} 25. Bc5 {[%emt 0:02:03]} Rc8 {[%emt 0:06:16]} 26. h3 {[%emt 0:03:10]} Be5 {[%emt 0:02:07] [#]} 27. Bxd6 $1 {[%emt 0:09:36]} Qxd6 {[%emt 0:00:39]} 28. Ncxe4 {[%emt 0:00:56]} Qb6+ {[%emt 0:01:08] [#]} (28... Qxd5 $16 29. hxg4 Qd4+ 30. Rf2 Bxg3 31. Nxg3 {[%mdl 64] Discovered Attack} Qxg4) 29. Kh1 $1 {[%emt 0:00:14]} Kg7 {[%emt 0:00:12]} 30. Qd2 {[%emt 0:05:36]} Bxg3 {[%emt 0:01:27]} 31. Nxg3 {[%emt 0:00:33]} Qe3 {[%emt 0:00:21]} 32. Qf2 {[%emt 0:04:35]} Qxf2 {[%emt 0:00:10]} 33. Rxf2 {[%emt 0:00:03]} h4 {[%emt 0:01:15]} 34. Nf1 {[%emt 0:02:24]} Bf5 {[%emt 0:00:14]} 35. Rf4 {[%emt 0:01:38]} Re2 {[%emt 0:01:00]} 36. Rc3 {[%emt 0:02:23]} Re1 {[%emt 0:01:39]} 37. Kh2 {[%emt 0:01:20]} Bd3 {[%emt 0:00:12]} 38. Nd2 {[%emt 0:00:18]} Re2 {[%emt 0:00:43]} 39. Nf3 {[%emt 0:01:02]} Rxa2 {[%emt 0:00:06]} 40. Nd4 {[%emt 0:00:00]} g5 {[%emt 0:00:00]} 41. Rg4 {[%emt 0:06:26]} Kf6 {[%emt 0:03:18]} 42. Nc6 {[%emt 0:00:24]} Ra1 {[%emt 0:07:22]} 43. Rd4 $19 {[%emt 0:01:09]} Re8 {[%emt 0:02:06]} 0-1

[Event "GAMMA Reykjavik Open 2019"]
[Site "Reykjavik"]
[Date "2019.04.09"]
[Round "3.1"]
[White "Firouzja, Alireza"]
[Black "Cornette, Matthieu"]
[Result "1/2-1/2"]
[WhiteElo "2669"]
[BlackElo "2556"]
[Annotator "TA"]
[PlyCount "60"]
[EventDate "2019.04.04"]
[EventType "swiss"]
[EventCountry "ISL"]
[SourceTitle "playchess.com"]
[Source "ChessBase"]
[SourceQuality "1"]

{[%evp 9,60,6,29,7,17,17,17,17,13,16,15,-10,10,8,24,20,25,21,29,6,7,35,34,1,18,15,27,35,22,33,26,-22,-22,-22,-22,-22,-22,-22,-22,-22,-22,-22,-22,-22,-23,-22,-20,-28,-15,-20,-11,-10,-17]} 1. e4 c5 2. Nc3 Nc6 3. Bb5 Nd4 4. Nf3 a6 5. Bd3 g6 6. Rb1 $146 {B23: Closed Sicilian: Lines without g3} ({Predecessor:} 6. Nxd4 cxd4 7. Ne2 d5 8. O-O dxe4 9. Bxe4 Nf6 10. Bf3 d3 11. cxd3 Qxd3 {½-½ (11) Zvjaginsev,V (2642)-Salgado Lopez,I (2629) St Petersburg 2018}) 6... Bg7 7. b4 cxb4 8. Rxb4 Nc6 9. Rb1 Nf6 10. Bb2 O-O 11. Nd5 e6 12. Nxf6+ Bxf6 13. Bxf6 Qxf6 14. Rb6 d5 15. O-O Nb8 16. exd5 Nd7 17. Rb4 exd5 18. Rd4 Nc5 19. Rxd5 b6 20. Qa1 Qxa1 21. Rxa1 Bb7 $36 {[%mdl 2048] Black is more active.} 22. Rd6 Bxf3 23. gxf3 Rfd8 24. Rxb6 Nxd3 25. cxd3 Rxd3 $11 {KRR-KRR} 26. Rd1 a5 27. Kf1 $1 Rad8 28. Ke2 Ra3 29. Rb2 Re8+ 30. Kf1 Rxf3 {Accuracy: White = 64%, Black = 70%.} 1/2-1/2